Normal view
MARC view
- Barker, James
Entry Personal Name
001 - CONTROL NUMBER
- control field: 39302
003 - CONTROL NUMBER IDENTIFIER
- control field: OSt
005 - DATE AND TIME OF LATEST TRANSACTION
- control field: 20160211111400.0
008 - FIXED-LENGTH DATA ELEMENTS
- fixed length control field: 160211|| aca||aabn | a|a d
040 ## - CATALOGING SOURCE
- Original cataloging agency: OSt
100 1# - HEADING--PERSONAL NAME
- Personal name: Barker, James
- Titles and other words associated with a name: (Chemist)
400 1# - SEE FROM TRACING--PERSONAL NAME
- Personal name: Barker, James,
- Titles and other words associated with a name: Ph. D.
400 1# - SEE FROM TRACING--PERSONAL NAME
- Personal name: Barker, J.
- Fuller form of name: (James),
- Titles and other words associated with a name: Ph. D.